The antidotal treatment of the epidemic cholera / (Record no. 161449)
[ view plain ]
| 000 -LEADER | |
|---|---|
| campo de control de longitud fija | 01021nam a22002655i 4500 |
| 001 - NÚMERO DE CONTROL | |
| campo de control | 161449 |
| 003 - IDENTIFICADOR DE NÚMERO DE CONTROL | |
| campo de control | ES-MaACL |
| 005 - FECHA Y HORA DE LA ÚLTIMA TRANSACCIÓN | |
| campo de control | 20250901032930.0 |
| 008 - DATOS DE LONGITUD FIJA--INFORMACIÓN GENERAL | |
| campo de control de longitud fija | 041019s1883 xxk |||| | eng d |
| 040 ## - FUENTE DE CATALOGACIÓN | |
| Centro catalogador/agencia de origen | CAM |
| Lengua de catalogación | spa |
| Centro/agencia transcriptor | CAM |
| 080 ## - NÚMERO DE LA CLASIFICACIÓN DECIMAL UNIVERSAL | |
| Número de la Clasificación Decimal Universal | 616.932 |
| 100 1# - ENTRADA PRINCIPAL--NOMBRE DE PERSONA | |
| Nombre de persona | Parkin, John, |
| Fechas asociadas al nombre | 1801-1886 |
| Término indicativo de función/relación | Autor |
| 9 (RLIN) | 130864 |
| 245 14 - MENCIÓN DEL TÍTULO | |
| Título | The antidotal treatment of the epidemic cholera / |
| Mención de responsabilidad, etc. | by John Parkin. |
| 250 ## - MENCION DE EDICION | |
| Mención de edición | 4th ed. |
| 260 ## - PUBLICACIÓN, DISTRIBUCIÓN, ETC. | |
| Lugar de publicación, distribución, etc. | London : |
| Nombre del editor, distribuidor, etc. | David Bogue, |
| Fecha de publicación, distribución, etc. | 1883. |
| 300 ## - DESCRIPCIÓN FÍSICA | |
| Extensión | VIII, 280 páginas, [3] hojas ; |
| Dimensiones | 22 cm. |
| 530 ## - NOTA DISPONIBLE DE FORMULARIO FÍSICO ADICIONAL | |
| Nota de formato físico adicional disponible | Disponible en formato digital |
| 597 ## - NOTA DE DESCRIPCIÓN FÍSICA | |
| NOTA DE DESCRIPCIÓN FÍSICA | La última secuencia de paginación corresponde al catálogo de la editorial |
| 650 #7 - PUNTO DE ACCESO ADICIONAL DE MATERIA--TÉRMINO DE MATERIA | |
| Término de materia o nombre geográfico como elemento de entrada | Cólera |
| Fuente del encabezamiento o término | embne |
| 9 (RLIN) | 11143 |
| 852 ## - LOCALIZACIÓN | |
| Ubicación | ES-MaACL |
| Ubicación en estantería | Depósito 2 |
| Anotaciones manuscritas | Ded. ms. del autor al ministro de Interior de España |
| Donativo/Legado | Donativo Roda |
| Número de control de estantería | E-13124 |
| Encuadernación | Tela |
| 856 ## - LOCALIZACIÓN Y ACCESO ELECTRÓNICOS | |
| Identificador Uniforme de Recursos | <a href="https://archive.org/details/b20394196/page/n5/mode/2up">https://archive.org/details/b20394196/page/n5/mode/2up</a> |
| Texto de enlace | Versión en línea |
| Nota pública | (Internet Archive) |
| 942 ## - ELEMENTOS DE ENTRADA SECUNDARIOS (KOHA) | |
| Fuente del sistema de clasificación o colocación | Clasificación decimal universal |
| Tipo de ítem Koha | Libro impreso antiguo |
| Suprimir en OPAC | No |
| Estatus retirado | Estado de pérdida | Fuente del sistema de clasificación o colocación | Estado de daño | No para préstamo | Colección | Biblioteca de origen | Biblioteca actual | Ubicación en estantería | Fecha de adquisición | Fuente de adquisición | Total de préstamos | Signatura topográfica completa | Código de barras | Visto por última vez | Tipo de ítem Koha |
|---|---|---|---|---|---|---|---|---|---|---|---|---|---|---|---|
| Clasificación decimal universal | Libros del s. XIX | Biblioteca del Ateneo de Madrid | Biblioteca del Ateneo de Madrid | Depósito 2 | 17/01/2008 | Donación | E-13124 | 1169113 | 23/02/2023 | Libro impreso antiguo |
